000 01679cam a2200193 4500
001 ##L131589
008 110922n2005 000 0 eng u
035 _a(Sirsi) u131589
041 0 _aeng
110 2 _aLondon
_bGreater London Authority
_bLondon Assembly
_bHealth and Public Services Committee
_94790
245 0 0 _aBuilding London, saving lives
_bimproving health and safety in construction
260 _aLondon
_bGreater London Assembly
_c2005
300 _a43p.
520 _aThis report states that construction is the most dangerous industry in London; although employing only 5% of the workforce, it accounts for 50% of work-related fatalities and 20% of major injuries. Whilst acknowledging that the UK government and the industry have taken measures to reduce the number of accidents, more still needs to be done. It argues that public sector contracts should be awarded only to those contractors who can demonstrate high health and safety standards. Other recommendations include better resourcing of the HSE constructions inspection team, more safety representatives on site, linking occupational health medicals and the GP system, and the introduction of skills and language training for the growing numbers of the workforce for whom English is not their first language. It also urges the Olympic Procurement Authority to ensure that construction contracts place strong emphasis on health and safety.
590 _aIKA221105
690 _aMANAGEMENT-HEALTH AND SAFETY-HEALTH AND SAFETY RISK MANAGEMENT
856 4 0 _uhttps://legacy.london.gov.uk/assembly/reports/health/construction.pdf
_zView the item free of charge at http://legacy.london.gov.uk
942 _n0
999 _c104789
_d104789